书目信息 |
| 题名: |
声乐曲选集
|
|
| 作者: | 徐明 , 罗宪君 , 李滨荪 主编 | |
| 分册: | 一 钢琴伴奏谱 | |
| 出版信息: | 北京 人民音乐出版社 1986.05 |
|
| 页数: | 144页 | |
| 开本: | 26cm | |
| 丛书名: | ||
| 单 册: | ||
| 中图分类: | J642.51 | |
| 科图分类: | ||
| 主题词: | 独唱--歌曲--中国 | |
| 电子资源: | ||
| ISBN: | 7-103-00083-2 | |
| 000 | 00728nam0 2200241 45 | |
| 001 | 0411241557 | |
| 005 | 20060515153251.46 | |
| 010 | @a7-103-00083-2@dCNY1.90 | |
| 100 | @a20041124d1986 km y0chiy0120 ea | |
| 101 | 0 | @achi |
| 200 | 1 | @a声乐曲选集@ASheng Yue Qu Xuan Ji@e中国作品@h一@i钢琴伴奏谱@f罗宪君,李滨荪,徐明主编@FLuo Xian Jun,Li Bin Sun,Xu Ming Zhu Bian |
| 210 | @a北京@c人民音乐出版社@d1986.05 | |
| 215 | @a144页@d26cm | |
| 300 | @a高等师范院校试用教材 | |
| 517 | @a中国作品@Azhong guo zuo pin | |
| 517 | @a钢琴伴奏谱 | |
| 606 | 0 | @a独唱@x歌曲@x中国 |
| 690 | @aJ642.51@v4 | |
| 701 | 0 | @a徐明@4主编 |
| 701 | 0 | @a罗宪君@4主编 |
| 701 | 0 | @a李滨荪@4主编 |
| 801 | @aCN@bPftUser@c20060515 | |
| 905 | @dJ642.51@e110:1 | |
| 声乐曲选集:中国作品.一.钢琴伴奏谱/罗宪君,李滨荪,徐明主编.-北京:人民音乐出版社,1986.05 |
| 144页;26cm |
| 高等师范院校试用教材 |
| ISBN 7-103-00083-2:CNY1.90 |
| ● |
| 相关链接 |
|
|
|
|
正题名:声乐曲选集
索取号:J642.51/110:1
 
预约/预借
| 序号 | 登录号 | 条形码 | 馆藏地/架位号 | 状态 | 备注 |
| 1 | 0210640 | 202239103 | 密集书库/ [索取号:J642.51/110:1] | 在馆 | |
| 2 | 0210641 | 001202558 | 第一借阅区/ [索取号:J642.51/110:1] | 在馆 | |
| 3 | 0210642 | 202348343 | 密集书库/ [索取号:J642.51/110:1] | 在馆 | |
| 4 | 0210643 | 001202521 | 第一样本阅览室/ [索取号:J642.51/110:1] | 在馆 |